Wired for ministry : (Record no. 6203)
[ view plain ]
| 000 -LEADER | |
|---|---|
| fixed length control field | 01891cam a22003014a 4500 |
| 001 - CONTROL NUMBER | |
| control field | 52386346 |
| 003 - CONTROL NUMBER IDENTIFIER | |
| control field | OCoLC |
| 005 - DATE AND TIME OF LATEST TRANSACTION | |
| control field | 20190116105635.0 |
| 008 - FIXED-LENGTH DATA ELEMENTS--GENERAL INFORMATION | |
| fixed length control field | 030529s2004 miu b 000 0 eng |
| 010 ## - LIBRARY OF CONGRESS CONTROL NUMBER | |
| LC control number | 2003012191 |
| 020 ## - INTERNATIONAL STANDARD BOOK NUMBER | |
| International Standard Book Number | 1587430754 (pbk.) |
| 040 ## - CATALOGING SOURCE | |
| Original cataloging agency | DLC |
| Transcribing agency | DLC |
| Modifying agency | PGC |
| -- | BAKER |
| -- | ATH |
| 042 ## - AUTHENTICATION CODE | |
| Authentication code | pcc |
| 050 00 - LIBRARY OF CONGRESS CALL NUMBER | |
| Classification number | BV652.77 |
| Item number | .J495 2004 |
| 050 00 - LIBRARY OF CONGRESS CALL NUMBER | |
| Classification number | BV652.77 |
| Item number | .J495 2004 |
| 082 ## - DEWEY DECIMAL CLASSIFICATION NUMBER | |
| Classification number | 254.3 |
| Item number | J59W |
| 100 1# - MAIN ENTRY--PERSONAL NAME | |
| Personal name | Jewell, John P., |
| Dates associated with a name | 1938- |
| 245 10 - TITLE STATEMENT | |
| Title | Wired for ministry : |
| Remainder of title | how the Internet, visual media, and other new technologies can serve your church / |
| Statement of responsibility, etc. | John P. Jewell. |
| 260 ## - PUBLICATION, DISTRIBUTION, ETC. | |
| Place of publication, distribution, etc. | Grand Rapids, Mich. : |
| Name of publisher, distributor, etc. | Brazos Press, |
| Date of publication, distribution, etc. | c2004. |
| 300 ## - PHYSICAL DESCRIPTION | |
| Extent | 189 p. ; |
| Dimensions | 23 cm. |
| 504 ## - BIBLIOGRAPHY, ETC. NOTE | |
| Bibliography, etc. note | Includes bibliographical references (p. 181-189). |
| 505 0# - FORMATTED CONTENTS NOTE | |
| Formatted contents note | Pt. 1. Be aware of the pitfalls. The regressive potential of technology in the church -- The digitizing of the church does not necessarily lead to development of community -- The Net Generation (Gen N)-- search for community -- Reflections of our digital culture in the church : a chronic state of alarm -- pt. 2. Develop knowledge of the promise. Forget about technology-- but if you must-- and we know you will : new directions and opportunities -- New possibilities for Web ministry -- Taking educational and youth ministry to the home -- The sphinx's smile (Philip D. Jamieson) -- pt. 3. Study the practice. Ministry and technology-- it's all about ministry -- Worship that connects -- eVangelism-- digital tools for growing the church -- The connected Christian leader -- Putting it all together-- principles for successful integration of ministry and technology. |
| 650 #0 - SUBJECT ADDED ENTRY--TOPICAL TERM | |
| Topical term or geographic name entry element | Internet |
| General subdivision | Religious aspects |
| -- | Christianity. |
| 650 #0 - SUBJECT ADDED ENTRY--TOPICAL TERM | |
| Topical term or geographic name entry element | Church work |
| General subdivision | Audio-visual aids. |
| 650 #0 - SUBJECT ADDED ENTRY--TOPICAL TERM | |
| Topical term or geographic name entry element | Church work |
| General subdivision | Data processing. |
| 856 41 - ELECTRONIC LOCATION AND ACCESS | |
| Materials specified | Table of contents |
| Uniform Resource Identifier | <a href="http://www.loc.gov/catdir/toc/ecip044/2003012191.html">http://www.loc.gov/catdir/toc/ecip044/2003012191.html</a> |
| 942 ## - ADDED ENTRY ELEMENTS (KOHA) | |
| Source of classification or shelving scheme | Dewey Decimal Classification |
| Koha item type | Books |
| Withdrawn status | Lost status | Source of classification or shelving scheme | Damaged status | Not for loan | Collection code | Home library | Current library | Shelving location | Date acquired | Cost, normal purchase price | Total Checkouts | Full call number | Barcode | Date last seen | Price effective from | Koha item type |
|---|---|---|---|---|---|---|---|---|---|---|---|---|---|---|---|---|
| Dewey Decimal Classification | Non-fiction | Harvest Mission College | Harvest Mission College | General Stacks | 16.01.2019 | 3500.00 | 254.3 J59W | 007236 | 16.01.2019 | 16.01.2019 | Books |
